000 00480nam a2200169 i 4500
001 93232
003 ES-MaACL
005 20230906181143.0
007 t|
008 050408q1951 sp ||||1| spa d
100 1 _aLopera, Francisco.
_973284
245 1 0 _aHerencias. Escritos. Cuadernos particionales y Escrituras /
_cpor Francisco Lopera.
250 _a(6ª ed.).
260 _aMadrid :
_bGráfica La Torre,
_c1951?
300 _a128 p.
852 _aES-MaACL
_jD-7012
_bR.31680
999 _c93232
_d93232